00354pab a2200145 454500008004000000100002300040245004700063260000900110300001300119362000800132650001400140650002000154700001800174773001600192180718b2010 xxu||||| |||| 00| 0 eng d aVerma, Vinod Kumar aClimate change and its impact on fisheries c2010 ap.42-44. aMar aFisheries aClimatic change aSaxena, Amita aKurukshetra